[Event "CAN-ch U16"]
[Site "Windsor"]
[Date "2015.07.08"]
[Round "4.12"]
[White "Richard, Lewis"]
[Black "Nyayachavadi, Anish Anand"]
[Result "0-1"]
[WhiteElo "1395"]
[BlackElo "1560"]
[PlyCount "86"]
[EventDate "2015.07.06"]
[EventType "swiss"]
[EventRounds "7"]
[EventCountry "CAN"]
[SourceTitle "EXT 2022"]
[Source "ChessBase"]
[SourceDate "2021.10.06"]
[SourceVersion "1"]
[SourceVersionDate "2021.10.06"]
[SourceQuality "1"]

1. Nf3 Nf6 2. d4 d5 3. c4 c6 4. Bg5 e6 5. Nc3 Be7 6. Bxf6 Bxf6 7. e3 Nd7 8. Bd3 dxc4 9. Bxc4 b5 10. Bb3 Bb7 11. 0-0 0-0 12. Qe2 a6 13. Rad1 Qc7 14. Ne4 Be7 15. Bc2 h6 16. a3 c5 17. dxc5 Nxc5 18. Nxc5 Bxc5 19. Bb3 Rad8 20. Rxd8 Rxd8 21. Rd1 Bd6 22. g3 Qc6 23. e4 Qxe4 24. Qxe4 Bxe4 25. Nd2 Bf5 26. Ba2 Be5 27. Bb3 Bxb2 28. Nb1 Rxd1+ 29. Bxd1 Bxb1 30. Bf3 Bxa3 31. Bb7 a5 32. Bc6 b4 33. Kg2 Bb2 34. Kh3 Bc2 35. f4 a4 36. Bxa4 Bxa4 37. Kg4 Bc1 38. h3 b3 39. Kh4 b2 40. Kg4 b1Q 41. Kh4 g5+ 42. Kh5 Qg6+ 43. Kg4 Bd1# 0-1